00362 a2200109 4500001000900000005001700009008004100026245006400067100001900131773008500150999001700235ART_474620260410161824.0260409a 10aReducción de la jornada de trabajo y creación de empleo1 aMonza, Alfredo0 tRevista de trabajogTiempo de trabajo - Año 1, Nº 2 (may./jun. 1994)wREV4713 c22621d22621